000 00709nam a22002057a 4500
003 OSt
005 20260121030213.0
008 260121b |||||||| |||| 00| 0 eng d
020 _a981-06-9903-4.
040 _aDWCL-Main lib
_cOC
082 _29th edition
_aCirc. 338.9 T633 2006
100 _aMichael P. Todaro
245 _aEconomic development : a comprehensive approach 9th ed.
_cMichael P. Todaro
260 _aSingapore :
_bPearson Education South Asia Pte Ltd,
_cc2006.
300 _axxvii, 851 pages :
_billustration ;
_c23 cm.
650 _21. Developing countries-Economic policy.
650 _22. Economic Development.
700 _aSmith, Stephen C.
942 _2ddc
_cBK-CIRC
_e9th ed.
_kCirc.
_n0
999 _c7631
_d7631